000 00283nam a2200109Ia 4500
001 587510
005 20250717113817.0
008 250717s9999 xx 000 0 und d
245 0 _aX-10 HAREKET HALİNDEKİ HAYVANLAR
_cRUTH A. MUSGRAVE
260 _bBETA YAYINLARI
_c2020
300 _b25
999 _c587510
_d587510